Gazdagság és eredményesség gimnáziumok a rendszerváltás után /

Elmentve itt :
Bibliográfiai részletek
Szerző: Andor Mihály
Dokumentumtípus: Cikk
Megjelent: 2004
Sorozat:Iskolakultúra 14 No. 4
Online Access:http://misc.bibl.u-szeged.hu/39446
LEADER 00594nab a2200169 i 4500
001 misc39446
005 20191106140737.0
008 180709s2004 hu o 0|| zxx d
022 |a 1215-5233 
040 |a SZTE Miscellanea Repozitórium  |b hun 
041 |a zxx 
100 1 |a Andor Mihály 
245 1 0 |a Gazdagság és eredményesség   |h [elektronikus dokumentum] :  |b gimnáziumok a rendszerváltás után /  |c  Andor Mihály 
260 |c 2004 
300 |a 17-28 
490 0 |a Iskolakultúra  |v 14 No. 4 
856 4 0 |u http://misc.bibl.u-szeged.hu/39446/1/EPA00011_iskolakultura_2004_04_017-028.pdf  |z Dokumentum-elérés